| 000 | 01231cam a2200337 4500 | ||
|---|---|---|---|
| 001 | 20676 | ||
| 003 | VRT | ||
| 005 | 20260128154100.0 | ||
| 008 | 220425s2022 xr g 010 f slo | ||
| 015 | _aSNBZSA2023/12 | ||
| 020 |
_a9788020614025 _q(viazané) |
||
| 039 | 9 |
_a202312011040 _bmsnk176 _c202311220754 _dmsnk03 _c202301201347 _dmsnk06 |
|
| 040 |
_aSNK _bslo _cSNK _erda |
||
| 041 | 0 | _aslo | |
| 044 |
_axr _cCZ |
||
| 072 | 7 |
_a821.162.4-3 _xSlovenská próza _2konspekt |
|
| 080 |
_a821.162.4-31 _22011 |
||
| 100 | 1 |
_aPavelková, Kristína, _d1985- _4aut |
|
| 245 | 1 |
_aTakmer dokonalý muž _cKristína Pavelková |
|
| 264 | 1 |
_aPraha _bNaše vojsko _c2022 |
|
| 300 |
_a286 strán _c19 cm |
||
| 336 |
_atext _btxt _2rdacontent |
||
| 337 |
_abez média _bn _2rdamedia |
||
| 338 |
_azväzok _bnc _2rdacarrier |
||
| 500 | _aObsahuje stručné biografické a profesijné údaje o autorke na záložke prebalu publikácie | ||
| 650 | 0 | 7 |
_aslovenské romány _2SNKPH |
| 655 | 7 |
_aSlovak fiction _2SNKPHeng |
|
| 942 |
_2ddc _cKLDO _n0 |
||
| 949 |
_617A1539395 _asnkSD 92040 _bsnk2023/16895 _oVydavatelství a nakladatelství Aleš Čeněk4-ah/58Int. č. fa – 62/2022 _s6100:20250923 |
||
| 999 |
_c20676 _d20676 |
||